000
00302nam a22001337a 4500
008
171002b xxu||||| |||| 00| 0 eng d
020
_a
9780395961377
041
_a
eng
080
_2
9TH
_a
37
100
_a
47
101
_a
EDU
245
_a
EDUCATING EXCEPTIONAL CHILDREN
_c
KIRK,S.A
942
_2
udc
_c
BK
999
_c
31055
_d
31055